| 000 | 00960cab a2200193 4500 | ||
|---|---|---|---|
| 001 | ##L132427 | ||
| 008 | 060207n2005 000 0 eng u | ||
| 035 | _a(Sirsi) u132427 | ||
| 041 | 0 | _aeng | |
| 100 | 1 | _aSprekos, Petra | |
| 245 | 0 | 0 | _aProperty market brief |
| 260 | _c2005 | ||
| 490 | 0 |
_aThe Estate Agent _bThe Journal of the Real Estate Institute of Victoria _v69(6) December 2005, 56-61(6) |
|
| 520 | _aGives an overview of the Australian property market between 1996-2005. The following areas are summarised and, in most cases, also supported by graphics and tables of statistics: the REIV Property Market Sentiment Index; consumer sentiment; unemployment; residential vacancy rates; auction numbers; interest rates; the Consumer Price Index; building approvals; lending finance; home land affordability; housing finance; and median rentals. | ||
| 590 | _aIKA1400206 | ||
| 690 | _aPROPERTY-PROPERTY MARKET | ||
| 700 | 1 | _aHall, David | |
| 942 | _n0 | ||
| 999 |
_c76436 _d76436 |
||